| 000 | 00782cab a2200241 4500 | ||
|---|---|---|---|
| 001 | WB3348-02 | ||
| 008 | 090401t1997 xxu||||| |||| 00| 0 eng d | ||
| 035 | _a(Sirsi) u82577 | ||
| 041 | _aeng | ||
| 245 | _aConstruction output | ||
| 260 | _c1997 | ||
| 350 | _a0 | ||
| 490 |
_aFinancial Times _v9 December 1997, 10(1) |
||
| 520 | _aThe National Council of Building Material Producers (BMP) forecasts that annual construction output will slow over the next 18 months, before rising to record levels by the end of the century. | ||
| 650 | _aBMP | ||
| 650 | _aCONSTRUCTION MARKET | ||
| 650 | _aCONSTRUCTION OUTPUT | ||
| 650 | _aFORECASTS | ||
| 650 | _aNATIONAL COUNCIL OF BUILDING MATERIAL PRODUCERS | ||
| 690 | _aBUILT ENVIRONMENT | ||
| 942 | _n0 | ||
| 948 | _c10/12/1997 | ||
| 999 |
_c52149 _d52149 |
||